Analýza prístupov k účtovníctvu a zdaňovaniu vo vybranom podnikateľskom subjekte diplomová práca

Salvato in:
Dettagli Bibliografici
Autore principale: Karasová, Denisa
Ente Autore: Národohospodárska fakulta EU. Katedra financií
Altri autori: Šabíková, Ingrid
Natura: Libro
Lingua:slovacco
Pubblicazione: Bratislava 2009
Tags: Aggiungi Tag
Nessun Tag, puoi essere il primo ad aggiungerne!!

MARC

LEADER 00000nam$a2200000$$$4500
001 0113928
005 20240318141217.1
041 0 |a slo 
044 |a SK 
245 1 0 |a Analýza prístupov k účtovníctvu a zdaňovaniu vo vybranom podnikateľskom subjekte  |b diplomová práca  |c Denisa Karasová ; škol. Ingrid Šabíková 
264 1 |a Bratislava  |c 2009 
300 |a 77 s. 
100 1 |a Karasová, Denisa 
700 1 |a Šabíková, Ingrid 
710 2 |a Národohospodárska fakulta EU. Katedra financií